| 000 | 00534nam a22001937a 4500 | ||
|---|---|---|---|
| 003 | DO-SdBNP | ||
| 005 | 20171124150125.0 | ||
| 008 | 171124b 1984 sp| 00| 0 spa d | ||
| 020 | _a9684192819 | ||
| 040 |
_aBPMSU _bspa _cBPMSU |
||
| 082 |
_axxxxx _bxxxxx |
||
| 100 | 1 | _aVincent Peale, Norman | |
| 245 | 1 | 3 |
_aEl nuevo arte de vivir / _cNorman Vincent Peale |
| 260 |
_aMéxico : _bGrijalbo, _c1984. |
||
| 300 |
_a144 p. ; _c22 cm. |
||
| 942 |
_2ddc _cBK |
||
| 945 | _aInventariado extranjero / 2017 BT | ||
| 956 |
_aBTAVAREZ _b10 _c20171124 _d0038 |
||
| 999 |
_c13101 _d13101 |
||